Some contributions to actuarial parametric modelling /
Saved in:
| Main Author: | |
|---|---|
| Format: | Thesis Book |
| Language: | English |
| Published: |
2012.
|
| Subjects: | |
| Tags: |
Add Tag
No Tags, Be the first to tag this record!
|
| LEADER | 01303cam a2200325 i 4500 | ||
|---|---|---|---|
| 001 | u875583 | ||
| 003 | SIRSI | ||
| 005 | 201303061604 | ||
| 008 | 130306s2012 enka m 000 0 eng | ||
| 040 | |a UMM |e rda | ||
| 090 | |a QA273.6 |b Shaaab | ||
| 100 | 0 | |a Shaiful Anuar Abu Bakar, |e author. | |
| 245 | 1 | 0 | |a Some contributions to actuarial parametric modelling / |c Shaiful Anuar Abu Bakar. |
| 264 | 1 | |c 2012. | |
| 264 | 4 | |c 2012. | |
| 300 | |a 222 leaves : |b illustrations ; |c 30 cm. | ||
| 336 | |a text |2 rdacontent | ||
| 337 | |a unmediated |2 rdamedia | ||
| 338 | |a volume |2 rdacarrier | ||
| 500 | |a A thesis submitted to the University of Manchester for the degree of Doctor of Philosophy in the Faculty of Engineering and Physical Sciences. | ||
| 502 | |b Ph.D. |c School of Mathematics, Faculty of Engineering and Physical Sciences, The University of Manchester |d 2012. | ||
| 504 | |a Bibliography: leaves 199-208. | ||
| 650 | 0 | |a Poisson distribution. | |
| 650 | 0 | |a Approximation theory. | |
| 650 | 0 | |a Actuaries. | |
| 650 | 0 | |a Risk (Insurance) | |
| 710 | 2 | |a University of Manchester. |b Faculty of Engineering and Physical Sciences, |e degree granting institution. | |
| 596 | |a 1 | ||
| 900 | |a NSM | ||
| 999 | |a QA273.6 SHAAAB |w LC |c 1 |i A515375309 |d 2/11/2016 |f 2/11/2016 |g 1 |l STACKS |m P01UTAMA |r Y |s Y |t TESIS |u 1/11/2016 |1 STEM | ||
